00757nam a2200217Ia 4500001000700000003000500007008004100012010001100053040000900064082001500073100015500088245006400243260004700307300001100354440000500365500000500370503000500375650007400380650004400454650004100498Z_4536CHAP220113s1985 xx 000 0 und d a167611 cCHAP a630.717 S4 aSeminario de Investigación sobre el Papel del Progreso Científico Técnico en la Estrategia del Desarrollo Agropecuario (1985 : Chapingo, Méx.) aMemoria /cpor UACH. Departamento de Economía Agrícola aChapingo, Méx. :bLa Universidad,c1985 a256 p. a a a aAgriculturaxCongresos I. UACH. Departamento de Economía agrícola aAgriculturaxInvestigaciónxMéxico  aAgriculturaxPlaneaciónxMéxico